Poesia i silenci / (رقم التسجيلة. 159651)
[ عرض عادي ]
| 000 -LEADER | |
|---|---|
| fixed length control field | 01199nam a2200325 a 4500 |
| 008 - FIXED-LENGTH DATA ELEMENTS--GENERAL INFORMATION | |
| fixed length control field | 210612s2006 sp a b 010 p cat d |
| 020 ## - INTERNATIONAL STANDARD BOOK NUMBER | |
| International Standard Book Number | 9771134178002 |
| 022 ## - INTERNATIONAL STANDARD SERIAL NUMBER | |
| International Standard Serial Number | 11354178 |
| 040 ## - CATALOGING SOURCE | |
| Original cataloging agency | EG-GiCUC |
| Language of cataloging | spa |
| Transcribing agency | EG-GiCUC |
| 092 04 - LOCALLY ASSIGNED DEWEY CALL NUMBER (OCLC) | |
| Classification number | 849.9109 |
| Item number | P7452 |
| Edition number | 21 |
| 099 ## - LOCAL FREE-TEXT CALL NUMBER (OCLC) | |
| Classification number | 04 |
| -- | 849.9109 P7452 |
| 245 00 - TITLE STATEMENT | |
| Title | Poesia i silenci / |
| Statement of responsibility, etc. | edició de Antònia Cabanilles, Ferran Carbó, Evelio Miñano. |
| 260 ## - PUBLICATION, DISTRIBUTION, ETC. | |
| Place of publication, distribution, etc. | Valencia [Spain] : |
| Name of publisher, distributor, etc. | Facultad de Filologia, Universitat de Valencia, |
| Date of publication, distribution, etc. | 2006. |
| 300 ## - PHYSICAL DESCRIPTION | |
| Extent | 237 p.; |
| Dimensions | 22 cm. |
| 490 1# - SERIES STATEMENT | |
| Series statement | Quaderns de filologia.Estudis literaris; |
| Volume/sequential designation | 11 |
| 504 ## - BIBLIOGRAPHY, ETC. NOTE | |
| Bibliography, etc. note | Includes bibliographical references. |
| 546 ## - LANGUAGE NOTE | |
| Language note | Text in Catalan, Spanish, and French; abstracts also in English. |
| 650 #0 - SUBJECT ADDED ENTRY--TOPICAL TERM | |
| Topical term or geographic name entry element | Catalan poetry |
| General subdivision | History and criticism. |
| 650 #0 - SUBJECT ADDED ENTRY--TOPICAL TERM | |
| Topical term or geographic name entry element | Silence in literature. |
| 700 1# - ADDED ENTRY--PERSONAL NAME | |
| Personal name | Cabanilles, Antonia. |
| 700 1# - ADDED ENTRY--PERSONAL NAME | |
| Personal name | Ferran, Carbó |
| 700 1# - ADDED ENTRY--PERSONAL NAME | |
| Personal name | Miñano Martínez, Evelio. |
| 710 2# - ADDED ENTRY--CORPORATE NAME | |
| Corporate name or jurisdiction name as entry element | Universidad de Valencia. |
| Subordinate unit | Facultat de Filologia. |
| 830 #0 - SERIES ADDED ENTRY--UNIFORM TITLE | |
| Uniform title | Quaderns de filologia. |
| Name of part/section of a work | Estudis literaris; |
| Volume/sequential designation | 11 |
| 902 ## - LOCAL DATA ELEMENT B, LDB (RLIN) | |
| No. of Items | 1 |
| 905 ## - LOCAL DATA ELEMENT E, LDE (RLIN) | |
| Cataloger | Amro L. |
| Reviser | Cat. |
| 905 ## - LOCAL DATA ELEMENT E, LDE (RLIN) | |
| Cataloger | Reda |
| Reviser | Rev. |
| 942 ## - ADDED ENTRY ELEMENTS (KOHA) | |
| Source of classification or shelving scheme | Dewey Decimal Classification |
| Koha item type | Books |
| Source of classification or shelving scheme | Not for loan | Home library | Current library | Date acquired | Full call number | Barcode | Date last seen | Koha item type |
|---|---|---|---|---|---|---|---|---|
| Dewey Decimal Classification | المكتبة المركزبة الجديدة - جامعة القاهرة | قاعة الثقاقات الاجنبية - الدور الثالث | 11.02.2024 | 849.9109 P7452 Spa. | 01000116006125000 | 05.07.2024 | Books |